1270 1896 1814 1133 1235 1667 1034 1476 1289 1276 1589 1676 1340 1324 1381 1639 1113 1564 1342 1970 1286 1685 1245 1339 1075 1021 1647 1391 1478 1446 1765 1509 1619 1805 1770 1537 1410 1376 1382 1189 1331 1122 1909 1966 1227 1244 1496 1871 1827 1074 1450 1652 1834 1515 1744 1674 1915 1052 1309 1208 1429 1530 1206 1039 1076 1629 1727 1386 1308 1777 1605 1126 1246 1342 1196 1092 1003 1550 1022 1243 1704 1625 1152 1991 1912 1513 1217 1035 1820 1018 1928 1642 1734 1141 1782 1855 1256 1915 1491 BCNSPRNW ULIB Ver.6.0+V

เปลี่ยนเป็นภาษาไทย

Change to English
 แสดงรายละเอียดบรรณานุกรม
  กลับหน้าหลัก

Brief Record : Get Marc (ISO 2709) : E-mail record : QR code < ปิดหน้าต่าง
LEADER : 00000nam 2200000uu 4500
001    13399113273
003     ULIB
008    111005s2551||||th 000 0 tha d
020    9789741668434
050 04 TT870^bศ849ก 2551
100 0  เศรษฐพงศ์ อัปมะเย
245 10 การพับผ้าบนโต๊ะอาหาร /^cเศรษฐพงศ์ อัปมะเย
250    พิมพ์ครั้งที่ 1
260    กรุงเทพฯ :^bวาดศิลป์,^c2551
300    64 หน้า :^bภาพประกอบ ;^c26 ซม
650  7 การพับผ้าเช็ดปาก
945    ^p160^l0^i027677
995    ทศพร
999 ^a ทศพร
รายการนี้ยังไม่มีแท็ก
คุณยังไม่ได้ล็อกอิน คุณสามารถมีกิจกรรมร่วมกับเว็บไซต์ได้ แต่ต้องล็อกอินก่อน ::
  ล็อกอิน

รายการสื่อสารสนเทศ

ลำดับที่ ประเภท เลขเรียก/บาร์โค้ด สถานที่ สถานะ
- ไม่พบข้อมูล -

รายการใกล้เคียง
    หัวเรื่อง [การพับผ้าเช็ดปาก]

BibComment


ยังไม่เคยถูกคอมเมนท์

คอมเมนท์ทรัพยากรรายการนี้
  คอมเมนท์: การพับผ้าบนโต๊ะอา..


 Copyright 2026. Bcnsprnw @Library